| 000 | 01062nam2a22002291 4500 | ||
|---|---|---|---|
| 001 | rc\4072956 | ||
| 005 | 20250610234145.0 | ||
| 035 | _a(NLR Aleph) 007965914 | ||
| 090 |
_a8429133 _c8429133 |
||
| 100 | _a20130415d1958 |||y0rusy50 ca | ||
| 101 | 0 | _arus | |
| 102 | _aRU | ||
| 105 | _ay z ||||| | ||
| 200 | 1 | _aНиколай Евгеньевич Введенский | |
| 210 |
_d1958 _aБ. м. |
||
| 461 | 0 |
_1001rc\4072949 _12001#$aМатериалы к биобиблиографии ученых СССР$eСерия биологических наук$eФизиология$eВып. 1$fАкад. наук Союза ССР$vВып. 7 _98429103 _cМосква _d1946 _fАкад. наук Союза ССР _nИзд-во Акад. наук СССР _oСерия биологических наук : Физиология : Вып. 1 _tМатериалы к биобиблиографии ученых СССР _vВып. 7 |
|
| 801 | 0 |
_aRU _bNLR _gpsbo |
|
| 801 | 1 |
_aRU _bELAR _2rusmarc |
|
| 852 |
_aNLR _j641/0-63 |
||
| 852 |
_aNLR _j641/В24 |
||
| 942 | _cBOOK | ||
| 980 | _aNB | ||